Dokument o strategii a zpráva Evropské komise o pokroku, jehož na cestě k přistoupení dosáhly jednotlivé kandidátske země

Pokrok kandidátskych zemí pri plnení Kodaňských kritérií členstva. Dokončenie procesu pristúpenia. Prehodnotenie prístupovej stratégie pre Bulharsko a Rumunsko. Nový impulz v rozširovacom procese s Tureckom. Závery a doporučenia pre kandidátske krajiny - Česko, Poľsko, Maďarsko, Slovinsko, Slovenskú...

Descrizione completa

Salvato in:
Dettagli Bibliografici
Natura: Capitolo di libro
Lingua:ceco
Soggetti:
Tags: Aggiungi Tag
Nessun Tag, puoi essere il primo ad aggiungerne!!

MARC

LEADER 00000naa a2200000 4500
001 r046968
005 20231004070728.4
041 0 |a cze 
044 |a CZ 
245 1 0 |a Dokument o strategii a zpráva Evropské komise o pokroku, jehož na cestě k přistoupení dosáhly jednotlivé kandidátske země 
520 |a Pokrok kandidátskych zemí pri plnení Kodaňských kritérií členstva. Dokončenie procesu pristúpenia. Prehodnotenie prístupovej stratégie pre Bulharsko a Rumunsko. Nový impulz v rozširovacom procese s Tureckom. Závery a doporučenia pre kandidátske krajiny - Česko, Poľsko, Maďarsko, Slovinsko, Slovenskú republiku. 
610 2 0 |a Európska únia 
610 2 0 |a SVE 
610 2 0 |a Česko 
610 2 0 |a dokumenty 
610 2 0 |a programy